| 000 | 00867nam a22002537a 4500 | ||
|---|---|---|---|
| 008 | 130821s1995 sp gr spa | ||
| 020 | _a848733038X | ||
| 040 |
_aCo-BoUCM _bspa |
||
| 041 | 0 | 0 | _aspa |
| 060 |
_aQT 261 _bG635f 1a. ed. |
||
| 100 | _aGonzlez Badillo, Juan José | ||
| 245 | 0 | 0 |
_aFundamentos del entrenamiento de la fuerza. Aplicación al alto rendimiento deportivo. _cJuan José Gonz lez Badillo, Esteban Gorostiaga Ayestar n |
| 250 | _a1a. ed. | ||
| 260 |
_aBarcelona (España) _bInde _c1995 |
||
| 300 | _a321páginas; | ||
| 490 | _a[Iniciativas deportivas] | ||
| 650 | 0 | 4 |
_aDeportes _9388 |
| 650 | 0 | 4 |
_aEjercicio físico _913936 |
| 650 | 0 | 4 |
_aFuerza _916166 |
| 650 | 0 | 4 |
_aMedicina deportiva _919146 |
| 650 | 0 | 4 |
_aMúsculos _919969 |
| 830 | _aBibliografía Básica Medio Universitario. | ||
| 942 |
_cLIBRO _a15 _e1 _mG635F _2NLM _hQT 261 _n0 |
||
| 999 |
_c83855 _d83855 |
||